Central Library OPAC University of Rajshahi
Normal view MARC view

Entry Topical Term

Number of records used in: 1

001 - CONTROL NUMBER

  • control field: 11474

003 - CONTROL NUMBER IDENTIFIER

  • control field: BD-RjUL

005 - DATE AND TIME OF LATEST TRANSACTION

  • control field: 20240205173758.0

008 - FIXED-LENGTH DATA ELEMENTS

  • fixed length control field: 240205|| aca||aabn | a|a d

040 ## - CATALOGING SOURCE

  • Original cataloging agency: BD-RjUL
  • Transcribing agency: BD-RjUL

150 ## - HEADING--TOPICAL TERM

  • Topical term or geographic name entry element: বাংলা কাব্য
  • Form subdivision: ইতিহাস ও সমালোচনা
  • General subdivision: ৭৫০ খ্রী.-১৫৩৮ খ্রী

670 ## - SOURCE DATA FOUND

  • Source citation: Work cat.: (BD-RjUL)82964: খাতুন, মাজেদা 11473, বাংলাদেশের রাজনৈতিক পরিবর্তন ও বাংলা তার প্রভাব (৭৫০ খ্রী.-১৫৩৮ খ্রী.) /, ২০০০